| 000 | 00381nam a2200145Ia 4500 | ||
|---|---|---|---|
| 008 | 230411s9999 xx 000 0 und d | ||
| 020 | _a978-81-944400-5-5 | ||
| 041 | _aeng | ||
| 082 | _aMS/616.028/CLE/B09720 | ||
| 100 |
_aClement I _9119826 |
||
| 245 | _aTextbook on Critical Care Nursing | ||
| 260 |
_bEMMESS _aBangalore _c2020 |
||
| 300 | _a1148p | ||
| 999 |
_c158651 _d158651 |
||